Follow That Line: Pollyanna Quiz Stats

 Plays Quiz not verified by Sporcle

Challenge
Share
Tweet
Embed
Score 0/20 Timer 10:00
0 Plays Today
% Correct
At an actual store? *New* clothes?
95.2%
His name happens to be Elizabeth!
93.3%
Oh, no. I'm just a child. I'm not even supposed to be here!
93.3%
He grew it there, didn't He? So I can climb it anytime I want.
93.3%
Do you have to be glad about everything? What's the matter with you, anyway?
93.3%
He was President.
92.4%
Mother always used to say I looked like you!
91.4%
Who'd want to marry old pickle-faced Harrington?
91.4%
My father always used to say that if we ever had the money you have, we'd have steak and ice cream three times every day!
91.4%
That's what being wealthy is. You sure are a question-asker, aren't you?
90.5%
% Correct
It came in the missionary barrels.
90.5%
I can come out anytime I want with my tree.
90.5%
Well, let's just say there are about sixty-eleven things you could've said besides that!
89.5%
Strike hard on Sunday the excessiveness of God's wrath and hope they carry it with them a few days into the week!
89.5%
Yes, well, never mind what your father used to say.
88.6%
Well, wash some up! Don't stand there belly-achin' to me about it!
87.6%
That you're so very rich!
87.6%
There were men smoking in the parlor car.
85.7%
How'd you ever develop a taste for that awful stuff?
83.8%
Nobody owns a church, no one.
82.9%

You're not logged in!

Compare scores with friends on all Sporcle quizzes.
Join for Free
OR
Log In

You Might Also Like...

Show Comments

Extras

Top Quizzes Today


Score Distribution

Your Account Isn't Verified!

In order to create a playlist on Sporcle, you need to verify the email address you used during registration. Go to your Sporcle Settings to finish the process.

Report this User

Report this user for behavior that violates our Community Guidelines.

Details: